00519nam a2200193 a 4500001001300000003000900013005001700022008004100039020001200080082001600092100001500108245006600123260004200189300000900231500003500240505001700275650001800292700001500310nice12345678IN_TiNIC20260116011333.0050524s1964 lona grp 000 0 eng  ac42.8400a297.09bSTE aStern, S M aFatimid Decreesb Original Document from the Fatimid Chancery aLondonbFaber and Faber Limitedc1964 a188p aincludes index and biblioraphy2 aIllus, Index aIslam-History1 aStern, S M